| 000 | 00586cam a22001815i 4500 | ||
|---|---|---|---|
| 999 |
_c10481 _d10481 |
||
| 003 | OSt | ||
| 005 | 20220405123408.0 | ||
| 008 | 181019s2018 sw a 000 0 eng | ||
| 020 | _a9789187543395 (pbk.) | ||
| 040 |
_aDLC _beng _cDLC _erda |
||
| 042 | _apcc | ||
| 082 | _a301.364 | ||
| 245 | 0 | 0 |
_aOur urban living room : _blearning from Copenhagen / _cCobe ; photographs by Rasmus Hjortshoej ; editor: Julie Cirelli. |
| 250 | _a2nd edition. | ||
| 300 |
_a493 pages : _bnumerous illustrations (chiefly color) ; _c25 cm |
||
| 906 |
_a0 _bibc _corigres _d3 _encip _f20 _gy-gencatlg |
||
| 942 | _2ddc | ||